000 00660nam a22002297a 4500
003 UA-OsUOA
001 88190
007 ta
008 20121002b un ||||| |||| 00| 0 ukr d
100 _aСулима М. М.
090 _a821:801.6(477)
_bС89
942 _cBK
040 _aUA-OsUOA
_bukr
_cUA-OsUOA
_dUA-OsUOA
245 _aУкраїнське віршування кінця XVI - початку XVII ст.
300 _a147 с.
955 _a1
041 _aukr
080 _a821:801.6(477)
260 _aК.
_bНаукова думка
_c1985
650 7 _a82 Література. Літературознавство
_2UDC
999 _c374595
_d374595